Central Library OPAC University of Rajshahi

চাকমা জাতির ইতিবৃত্ত / (Record no. 10710)

MARC details
000 -LEADER
fixed length control field 01102nam a2200241 a 4500
001 - CONTROL NUMBER
control field 10710
003 - CONTROL NUMBER IDENTIFIER
rucl marc code BD-RjUL
005 - DATE AND TIME OF LATEST TRANSACTION
control field 20211209173728.0
008 - FIXED-LENGTH DATA ELEMENTS--GENERAL INFORMATION
fixed length control field 140125s1969 pk a b 001 0 ben d
035 ## - SYSTEM CONTROL NUMBER
System control number (BD-RjUL)10710
040 ## - CATALOGING SOURCE
Original cataloging agency LHA
Transcribing agency LHA
Modifying agency BD-RjUL
Language of cataloging ben/eng
041 ## - LANGUAGE CODE
Language code of text/sound track or separate title ben
082 04 - DEWEY DECIMAL CLASSIFICATION NUMBER
Classification number 305.8914126
Edition number 23
Author mark and year DEC 1969
100 ## - MAIN ENTRY--PERSONAL NAME
Personal name দেওয়ান, বিরাজ মোহন
9 (RLIN) 88
245 10 - TITLE STATEMENT
Title চাকমা জাতির ইতিবৃত্ত /
Statement of responsibility, etc. বিরাজ মোহন দেওয়ান প্রণীত
250 ## - EDITION STATEMENT
Edition statement ১ম সং
260 ## - PUBLICATION, DISTRIBUTION, ETC. (IMPRINT)
Place of publication, distribution, etc. পার্বত্য চট্রগ্রাম:
Name of publisher, distributor, etc. শ্রীকালী শঙ্কর দেওয়ান,
Date of publication, distribution, etc. ১৯৬৯
300 ## - PHYSICAL DESCRIPTION
Pagination ক-ঘ, [১৬], ৩০২, [৮] পৃ. :
Illustrations চিত্র:
Size ২৩ সেমি.
500 ## - GENERAL NOTE
General note "জাতীয় কৃষ্টি, সংস্কৃতি বিষয়ক গ্রন্থ"
650 #0 - SUBJECT ADDED ENTRY--TOPICAL TERM
Topical term or geographic name as entry element চাকমা জাতি
Geographic subdivision বাংলাদেশ
General subdivision ইতিহাস
9 (RLIN) 89
Topical term or geographic name as entry element Chakma race
Geographic subdivision Bangladesh
General subdivision History
9 (RLIN) 90
942 ## - ADDED ENTRY ELEMENTS (KOHA)
Source of classification or shelving scheme Dewey Decimal Classification
Koha item type Books
Holdings
Lost status Source of classification or shelving scheme Damaged status Not for loan Collection code Permanent Location Current Location Shelving location Date acquired Source of acquisition Cost, normal purchase price Full call number Date last seen Copy number Koha item type
  Dewey Decimal Classification   Not For Loan Non-fiction Central Library, University of Rajshahi Central Library, University of Rajshahi Reading Room 21/01/1970 The Author 6.50 B 305.8914126 DEC 1969 09/12/2021 C-1 Books
  Dewey Decimal Classification     Non-fiction Central Library, University of Rajshahi Central Library, University of Rajshahi General Stacks 21/01/1970 The Author 6.50 B 305.8914126 DEC 1969 09/12/2021 C-2 Books